<?xml version="1.0" encoding="UTF-8"?>
<record
    xmlns:xsi="http://www.w3.org/2001/XMLSchema-instance"
    xsi:schemaLocation="http://www.loc.gov/MARC21/slim http://www.loc.gov/standards/marcxml/schema/MARC21slim.xsd"
    xmlns="http://www.loc.gov/MARC21/slim">

  <leader>02219nam0a2200397   4500</leader>
  <controlfield tag="001">RU\NLR\bibl\1657837</controlfield>
  <controlfield tag="005">20260406105801.0</controlfield>
  <datafield tag="010" ind1=" " ind2=" ">
    <subfield code="a">978-5-9567-1039-5</subfield>
    <subfield code="9">4000</subfield>
  </datafield>
  <datafield tag="021" ind1=" " ind2=" ">
    <subfield code="a">RU</subfield>
    <subfield code="b">2010-45875</subfield>
    <subfield code="9">3055</subfield>
  </datafield>
  <datafield tag="035" ind1=" " ind2=" ">
    <subfield code="a">(NLR Aleph) 001649135</subfield>
  </datafield>
  <datafield tag="090" ind1=" " ind2=" ">
    <subfield code="a">910514</subfield>
    <subfield code="c">910514</subfield>
  </datafield>
  <datafield tag="100" ind1=" " ind2=" ">
    <subfield code="a">20100723d2010    |||y0rusy50      ca</subfield>
  </datafield>
  <datafield tag="101" ind1="0" ind2=" ">
    <subfield code="a">rus</subfield>
  </datafield>
  <datafield tag="102" ind1=" " ind2=" ">
    <subfield code="a">RU</subfield>
  </datafield>
  <datafield tag="105" ind1=" " ind2=" ">
    <subfield code="a">a   |||||||||</subfield>
  </datafield>
  <datafield tag="200" ind1="1" ind2=" ">
    <subfield code="a">&#x421;&#x430;&#x43C;&#x44B;&#x435; &#x43A;&#x440;&#x430;&#x441;&#x438;&#x432;&#x44B;&#x435; &#x43F;&#x43E;&#x434;&#x435;&#x43B;&#x43A;&#x438; &#x438;&#x437; &#x431;&#x443;&#x43C;&#x430;&#x433;&#x438;</subfield>
    <subfield code="f">&#x415;. &#x41A;&#x430;&#x43C;&#x438;&#x43D;&#x441;&#x43A;&#x430;&#x44F;</subfield>
  </datafield>
  <datafield tag="210" ind1=" " ind2=" ">
    <subfield code="a">&#x420;&#x43E;&#x441;&#x442;&#x43E;&#x432;-&#x43D;&#x430;-&#x414;&#x43E;&#x43D;&#x443;</subfield>
    <subfield code="c">&#x412;&#x43B;&#x430;&#x434;&#x438;&#x441;</subfield>
    <subfield code="d">2010</subfield>
  </datafield>
  <datafield tag="215" ind1=" " ind2=" ">
    <subfield code="a">401, 399 &#x441;. &#x432;&#x441;&#x442;&#x440;&#x435;&#x447;. &#x43F;&#x430;&#x433;.</subfield>
    <subfield code="c">&#x438;&#x43B;.</subfield>
    <subfield code="d">15</subfield>
  </datafield>
  <datafield tag="225" ind1="1" ind2=" ">
    <subfield code="a">&#x421;&#x435;&#x440;&#x438;&#x44F; "&#x423;&#x434;&#x43E;&#x431;&#x43D;&#x430;&#x44F; &#x431;&#x438;&#x431;&#x43B;&#x438;&#x43E;&#x442;&#x435;&#x43A;&#x430; 2 &#x432; 1 (&#x43F;&#x435;&#x440;&#x435;&#x432;&#x435;&#x440;&#x442;&#x44B;&#x448;)"</subfield>
  </datafield>
  <datafield tag="225" ind1="1" ind2=" ">
    <subfield code="a">2 &#x432; 1</subfield>
  </datafield>
  <datafield tag="300" ind1=" " ind2=" ">
    <subfield code="a">&#x41D;&#x430; &#x43E;&#x431;&#x43B;. &#x43E;&#x431;&#x435;&#x438;&#x445; &#x43A;&#x43D;. &#x430;&#x432;&#x442;. &#x43D;&#x435; &#x443;&#x43A;&#x430;&#x437;&#x430;&#x43D;&#x44B;</subfield>
  </datafield>
  <datafield tag="309" ind1=" " ind2=" ">
    <subfield code="a">&#x41A;&#x43D;.-&#x43F;&#x435;&#x440;&#x435;&#x432;&#x435;&#x440;&#x442;&#x44B;&#x448;</subfield>
  </datafield>
  <datafield tag="309" ind1=" " ind2=" ">
    <subfield code="a">&#x414;&#x430;&#x43D;&#x43D;&#x43E;&#x435; &#x438;&#x437;&#x434;. &#x432;&#x44B;&#x445;&#x43E;&#x434;&#x438;&#x442; &#x432; &#x434;&#x432;&#x443;&#x445; &#x440;&#x430;&#x437;&#x43D;&#x44B;&#x445; &#x432;&#x430;&#x440;&#x438;&#x430;&#x43D;&#x442;&#x430;&#x445; &#x43F;&#x43E;&#x43B;&#x438;&#x433;&#x440;. &#x43E;&#x444;&#x43E;&#x440;&#x43C;&#x43B;&#x435;&#x43D;&#x438;&#x44F;. 1-&#x435; &#x43F;&#x440;&#x43E;&#x438;&#x437;&#x432;&#x435;&#x434;&#x435;&#x43D;&#x438;&#x435; "&#x41F;&#x43E;&#x434;&#x435;&#x43B;&#x43A;&#x438; &#x438;&#x437; &#x431;&#x443;&#x43C;&#x430;&#x433;&#x438; &#x434;&#x43B;&#x44F; &#x43D;&#x430;&#x447;&#x438;&#x43D;&#x430;&#x44E;&#x449;&#x438;&#x445;" &#x438; "&#x421;&#x430;&#x43C;&#x44B;&#x435; &#x43A;&#x440;&#x430;&#x441;&#x438;&#x432;&#x44B;&#x435; &#x43F;&#x43E;&#x434;&#x435;&#x43B;&#x43A;&#x438; &#x438;&#x437; &#x431;&#x443;&#x43C;&#x430;&#x433;&#x438;"; 2-&#x435; &#x43F;&#x440;&#x43E;&#x438;&#x437;&#x432;&#x435;&#x434;&#x435;&#x43D;&#x438;&#x435; "&#x41E;&#x440;&#x438;&#x433;&#x430;&#x43C;&#x438; &#x434;&#x43B;&#x44F; &#x43D;&#x430;&#x447;&#x438;&#x43D;&#x430;&#x44E;&#x449;&#x438;&#x445;" &#x438; "&#x41E;&#x440;&#x438;&#x433;&#x430;&#x43C;&#x438; &#x434;&#x43B;&#x44F; &#x434;&#x435;&#x442;&#x435;&#x439; &#x438; &#x432;&#x437;&#x440;&#x43E;&#x441;&#x43B;&#x44B;&#x445;"</subfield>
  </datafield>
  <datafield tag="423" ind1=" " ind2="0">
    <subfield code="1">2001#$a&#x41E;&#x440;&#x438;&#x433;&#x430;&#x43C;&#x438; &#x434;&#x43B;&#x44F; &#x434;&#x435;&#x442;&#x435;&#x439; &#x438; &#x432;&#x437;&#x440;&#x43E;&#x441;&#x43B;&#x44B;&#x445;$f&#x410;. &#x413;&#x430;&#x440;&#x43C;&#x430;&#x442;&#x438;&#x43D;</subfield>
    <subfield code="1">210##$a&#x420;&#x43E;&#x441;&#x442;&#x43E;&#x432;-&#x43D;&#x430;-&#x414;&#x43E;&#x43D;&#x443;$d2010</subfield>
    <subfield code="1">215##$a&#x421;. 1-399</subfield>
    <subfield code="1">700#1$a&#x413;&#x430;&#x440;&#x43C;&#x430;&#x442;&#x438;&#x43D;$b&#x410;. &#x410;.$g&#x410;&#x43B;&#x435;&#x43A;&#x441;&#x435;&#x439; &#x410;&#x43B;&#x435;&#x43A;&#x441;&#x435;&#x435;&#x432;&#x438;&#x447;$4070</subfield>
    <subfield code="t">&#x41E;&#x440;&#x438;&#x433;&#x430;&#x43C;&#x438; &#x434;&#x43B;&#x44F; &#x434;&#x435;&#x442;&#x435;&#x439; &#x438; &#x432;&#x437;&#x440;&#x43E;&#x441;&#x43B;&#x44B;&#x445;</subfield>
    <subfield code="a">&#x413;&#x430;&#x440;&#x43C;&#x430;&#x442;&#x438;&#x43D;, &#x410;&#x43B;&#x435;&#x43A;&#x441;&#x435;&#x439; &#x410;&#x43B;&#x435;&#x43A;&#x441;&#x435;&#x435;&#x432;&#x438;&#x447;</subfield>
  </datafield>
  <datafield tag="517" ind1="0" ind2=" ">
    <subfield code="a">&#x41F;&#x43E;&#x434;&#x435;&#x43B;&#x43A;&#x438; &#x438;&#x437; &#x431;&#x443;&#x43C;&#x430;&#x433;&#x438;</subfield>
  </datafield>
  <datafield tag="517" ind1="0" ind2=" ">
    <subfield code="a">&#x41E;&#x440;&#x438;&#x433;&#x430;&#x43C;&#x438; &#x434;&#x43B;&#x44F; &#x43D;&#x430;&#x447;&#x438;&#x43D;&#x430;&#x44E;&#x449;&#x438;&#x445;</subfield>
  </datafield>
  <datafield tag="606" ind1="1" ind2=" ">
    <subfield code="a">&#x41F;&#x43E;&#x434;&#x435;&#x43B;&#x43A;&#x438; &#x438;&#x437; &#x431;&#x443;&#x43C;&#x430;&#x433;&#x438;</subfield>
    <subfield code="9">2229082</subfield>
    <subfield code="3">RU\NLR\auth\661338008</subfield>
  </datafield>
  <datafield tag="606" ind1="1" ind2=" ">
    <subfield code="a">&#x41E;&#x440;&#x438;&#x433;&#x430;&#x43C;&#x438;</subfield>
    <subfield code="9">1856321</subfield>
    <subfield code="3">RU\NLR\auth\66841570</subfield>
  </datafield>
  <datafield tag="686" ind1=" " ind2=" ">
    <subfield code="a">&#x41C;78</subfield>
  </datafield>
  <datafield tag="686" ind1=" " ind2=" ">
    <subfield code="a">&#x427;711.259</subfield>
  </datafield>
  <datafield tag="700" ind1=" " ind2="1">
    <subfield code="4">070</subfield>
    <subfield code="8">rus</subfield>
    <subfield code="7">ca</subfield>
    <subfield code="a">&#x41A;&#x430;&#x43C;&#x438;&#x43D;&#x441;&#x43A;&#x430;&#x44F;</subfield>
    <subfield code="b">&#x415;. &#x410;.</subfield>
    <subfield code="c">&#x43F;&#x43E;&#x43F;&#x443;&#x43B;&#x44F;&#x440;&#x438;&#x437;&#x430;&#x442;&#x43E;&#x440;</subfield>
    <subfield code="g">&#x415;&#x43B;&#x435;&#x43D;&#x430; &#x410;&#x43D;&#x430;&#x442;&#x43E;&#x43B;&#x44C;&#x435;&#x432;&#x43D;&#x430;</subfield>
    <subfield code="3">RU\NLR\auth\77103371</subfield>
    <subfield code="9">86297</subfield>
  </datafield>
  <datafield tag="801" ind1=" " ind2="0">
    <subfield code="a">RU</subfield>
    <subfield code="b">NLR</subfield>
    <subfield code="c">20100723</subfield>
    <subfield code="g">RCR</subfield>
  </datafield>
  <datafield tag="801" ind1=" " ind2="1">
    <subfield code="a">RU</subfield>
    <subfield code="b">NLR</subfield>
    <subfield code="c">20100723</subfield>
  </datafield>
  <datafield tag="942" ind1=" " ind2=" ">
    <subfield code="c">BOOK</subfield>
  </datafield>
  <datafield tag="980" ind1=" " ind2=" ">
    <subfield code="a">NB</subfield>
  </datafield>
  <datafield tag="995" ind1=" " ind2=" ">
    <subfield code="5">2010-07-23</subfield>
    <subfield code="a">ad</subfield>
    <subfield code="b">NLR01</subfield>
    <subfield code="c">NLR01</subfield>
    <subfield code="e">RF8</subfield>
    <subfield code="f">1-3232689</subfield>
    <subfield code="k">2010-1/538</subfield>
    <subfield code="o">0</subfield>
    <subfield code="r">BOOK</subfield>
    <subfield code="s">20101538_</subfield>
  </datafield>
  <datafield tag="995" ind1=" " ind2=" ">
    <subfield code="5">2010-07-23</subfield>
    <subfield code="a">ad</subfield>
    <subfield code="b">NLR01</subfield>
    <subfield code="c">NLR01</subfield>
    <subfield code="e">RF8</subfield>
    <subfield code="f">3218264</subfield>
    <subfield code="k">2010-1/538</subfield>
    <subfield code="o">0</subfield>
    <subfield code="r">BOOK</subfield>
    <subfield code="s">20101538_</subfield>
  </datafield>
</record>
